• 首页
  • 本馆介绍
  • 公告通知
  • 最新文献
  • 馆藏检索
  • 电子资源
  • 读者导购
  • 参考咨询
  • 我的图书馆
  • 登录
  • 详细信息显示
  • 放入我的书架
  • 预约/预借图书
  • 作者相关作品
  • 分类相关作品
  • 丛书相关作品
  • 出版社相关作品

书目信息

  • 表格格式
  • 工作单格式
  • 卡片格式
题名:
科学经济学原理
    
 
作者: 汪涛 著
分册:  
出版信息: 北京   东方出版社  2019
页数: 33, 347页
开本: 22cm
丛书名:
单 册:
中图分类: F062.3
科图分类:
主题词: 科学经济学--ke xue jing ji xue--研究
电子资源:
ISBN: 978-7-5207-0676-6
000 01370nam0 2200277 450
001 2158010418
005 20211011172911.0
010    @a978-7-5207-0676-6@b精装@dCNY88.00
100    @a20190312d2019 ekmy0chiy50 ea
101 0  @achi
102    @aCN@b110000
105    @aak z 000yy
106    @ar
200 1  @a科学经济学原理@Ake xue jing ji xue yuan li@e看见"看不见的手"@f汪涛著
210    @a北京@c东方出版社@d2019
215    @a33, 347页@c图@d22cm
312    @a英文题名取自封面
330    @a本书将需求(书中称为“买方”)和供给(书中称为“卖方”)建立在科学心理学研究的基础上。以可测量的欲望为前提,研究需求与供给的因果关系,由此建立起科学经济学的公理体系,从而推导出经济学的所有规律。本书所建立的常规与非常规“交易区”模型具有像牛顿力学一样的解释力,可以统一微观与宏观经济学,甚至可以将社会主义经济学也完全统一进这个公理体系中。它可以完美解释西方经济是如何发展的,也可以完美解释中国经济发展的一切奥秘。以往经济学回避了的国家、企业、个人如何赚钱这个最重要的问题,在科学经济学中全都迎刃而解!
333    @a科学经济学研究人员
510 1  @aPrinciples of scientific economics@eSee the invisible hand at work@zeng
517 1  @a看见"看不见的手"@Akan jian "kan bu jian de shou "
606 0  @a科学经济学@Ake xue jing ji xue@x研究
690    @aF062.3@v5
701  0 @a汪涛@Awang tao@4著
801  0 @aCN@b百万庄@c20211007
905    @b1306457-460@dF062.3@e176@f4
    
    科学经济学原理:看见"看不见的手"/汪涛著.-北京:东方出版社,2019
    33, 347页:图;22cm
    使用对象:科学经济学研究人员
    
    ISBN 978-7-5207-0676-6(精装):CNY88.00
    本书将需求(书中称为“买方”)和供给(书中称为“卖方”)建立在科学心理学研究的基础上。以可测量的欲望为前提,研究需求与供给的因果关系,由此建立起科学经济学的公理体系,从而推导出经济学的所有规律。本书所建立的常规与非常规“交易区”模型具有像牛顿力学一样的解释力,可以统一微观与宏观经济学,甚至可以将社会主义经济学也完全统一进这个公理体系中。它可以完美解释西方经济是如何发展的,也可以完美解释中国经济发展的一切奥秘。以往经济学回避了的国家、企业、个人如何赚钱这个最重要的问题,在科学经济学中全都迎刃而解!
●
相关链接 在E读中查询图书 在五车中查询图书 在当当中查询图书 在豆瓣中查询图书


正题名:科学经济学原理     索取号:F062.3/176         预约/预借

序号 登录号 条形码 馆藏地/架位号 状态 备注
1 1306457   213064574   第一样本阅览室/ [索取号:F062.3/176] 在馆    
2 1306458   213064583   第一借阅区/ [索取号:F062.3/176] 在馆    
3 1306459   213064592   第一借阅区/ [索取号:F062.3/176] 在馆    
4 1306460   213064609   第一借阅区/ [索取号:F062.3/176] 在馆    
唐山师范学院图书馆 欢迎您!
大连网信软件有限公司© 版权所有